European Countries with the Most Mormons - Statistics

General Stats
  • This quiz has been taken 267 times
  • The average score is 14 of 16
Answer Stats
Hint Answer % Correct
186,193 United Kingdom
99%
39,401 Germany
98%
37,812 France
95%
52,747 Spain
95%
25,956 Italy
94%
9,538 Sweden
93%
4,696 Norway
92%
42,861 Portugal
91%
9,063 Netherlands
88%
22,472 Russia
86%
4,902 Finland
85%
6,694 Belgium
83%
4,607 Austria
80%
8,895 Switzerland
80%
11,536 Ukraine
74%
5,123 Hungary
65%
No matching quizzes found
Score Distribution
Percent of People with Each Score
Percentile by Number Answered
Your Score History
You have not taken this quiz